O príncipe nabo (Registo nº 1427)

Detalhes MARC
000 -Etiqueta do registo
Cabeçalho 00805nam0a2200289 4500
005 - Identificador da versão
Campo de controlo 20240813121836.0
010 ## - Número internacional normalizado dos livros (ISBN)
Número (ISBN) 9789723605181
021 ## - Número do Depósito Legal
Código do país PT
Número 374735/14
035 ## - Other System Control Numbers
System Control Number 0000335
100 ## - Dados gerais de processamento
Dados gerais de processamento 20150105d2014 m y0pory5003 ba
102 ## - Pais de publicação ou produção
País de publicação Portugal
101 0# - Língua de publicação
Língua do texto, banda sonora, etc. Português
215 ## - Descrição física 
Indicação específica da natureza do documento e extensão da espécie 63, [1] p.
Outras indicações físicas il. color
200 1# - Titulo e menção de responsabilidade
Título próprio O príncipe nabo
Primeira menção de responsabilidade Ilse Losa
Outras menções de responsabilidade il. Manuela Bacelar
225 2# - Colecção 
Título próprio da colecção Tretas & letras
Indicação de volume 27
205 ## - Menção da edição
Menção da edição 6ª ed
210 ## - Publicação, Distribuição, etc. 
Lugar da edição, distribuição, etc. Porto
Nome do editor, distribuidor, etc. Asa
Data da publicação, distribuição, etc. 2014
300 ## - Notas gerais 
Texto da nota Metas Curriculares
606 ## - Nome comum usado como assunto
Número de registo de entrada de autoridade 0002049
Palavra de ordem Literatura portuguesa
Subdivisão de assunto Teatro
Código do sistema CA
675 ## - Classificação Decimal Universal (CDU)
Notação 821.134.3-2
Edição 3ª ed.
Língua da edição por
702 #1 - Nome de autor-pessoa física (responsabilidade secundária)
Número de registo de entrada de autoridade 0001703
Palavra de ordem Bacelar
Outra parte do nome não tomada para palavra de ordem Manuela
Datas 1943-
Código de função Ilustrador / Técnico de desenho computorizado
700 #1 - Nome de autor-pessoa física (responsabilidade principal)
Número de registo de entrada de autoridade 0002006
Palavra de ordem Losa
Outra parte do nome não tomada para palavra de ordem Ilse
Datas 1913-2006
966 ## - Identificação da Biblioteca
Sigla EB2,3ENM
942 ## - Elementos de entrada adicionados (Koha)
Tipo de item no Koha Livro
Exemplares
Situação do levantamento Origin of item (home branch) (coded) Biblioteca de empréstimo Código de barras Cota Circulation type (not for loan) Tipo de documento Nota do exemplar Damaged status
  Biblioteca Escolar Eng. Nuno Mergulhão Biblioteca Escolar Eng. Nuno Mergulhão BENM3533 82LP-2 LOS MET   Livro Sem mensagem